000 00710nam a2200241Ia 4500
003 OSt
005 20221005120727.0
006 a|||||r|||| 00| 0
007 ta
008 221004b |||||||| |||| 00| 0 eng d
024 _a64500
037 _cTextual
040 _aCRL
_cCRL
_beng
041 _2eng
_aeng
082 _aV271:7u:N52, J8-;1
100 _aSankalia Hasmukh Dhirajlal ,etc
245 0 _aExcavations at Maheshwar and Navdatoli 1952-53
260 _c1985
490 _aDeccan college research institute and M. S. University publications, 1
650 _aHISTORY
942 _hV271:7u:N52, J8-;1
_cTEXL
_2cc
999 _c1038959
_d1038959